000
00298nam a22001337a 4500
008
171018b xxu||||| |||| 00| 0 eng d
020
_a
9781556202179
041
_a
eng
080
_2
3 ED
_a
338
100
_a
53
101
_a
MEN
245
_a
DEVELOPING MANAGING
_c
GYSBERS.N.C
942
_2
udc
_c
BK
999
_c
34781
_d
34781